000 01031nam a22003257a 4500
003 CHAP
005 20220817044329.0
008 100326s1992 mx a r 00010 spa d
010 _a97905
011 _a98877
020 _a9682939623
035 _a109562
040 _cCHAP
082 1 4 _a972.722
_bR94 1992
100 0 0 _aRuz, Mario Humberto.
_9101019
245 1 0 _aCopanahuastla en un espejo :
_bun pueblo Tzeltal en el Virreinato
_c/por Mario Humberto Ruz
250 _a2 ed.
260 _aMéxico, D. F.:
_bInstituto Nacional Indigenista,
_c1992
300 _a376 p. :
_bilus.
590 _aBATCH-UPD
_b10
_c20130110
_lUCH01
_h1010
590 _aBATCH-UPD
_b10
_c20130410
_lUCH01
_h0619
590 _aCONVERSION
_b10
_c20130109
_lUCH01
_h1354
650 1 4 _aAntropologia.
_96133
650 1 4 _aIndios de Chiapas
_xVida social y costumbres.
_957600
650 1 4 _aTzeltales.
901 _aBK
911 _aen proceso
942 _cLIBRO
949 _a972.727 R94 1992
_bBC
_cLIBRO
_d33724002162611
_eLIBRO
_gI.c/e
_h112144
_i109562
_sb
999 _c97905
_d97905